[Event "Fide Mercenarios 3th"]
[Site "Mexico City"]
[Date "1995.??.??"]
[Round "8"]
[White "Ten Kate, Adrian"]
[Black "Sorensen, J."]
[Result "1-0"]
[WhiteElo "2000"]
[BlackElo "2000"]
[PlyCount "119"]
[EventDate "1995.??.??"]
[EventType "tourn"]
[EventRounds "11"]
[EventCountry "MEX"]
[SourceTitle "EXT 2000"]
[Source "ChessBase"]
[SourceDate "1999.11.16"]
[SourceVersion "1"]
[SourceVersionDate "1999.11.16"]
[SourceQuality "1"]

1. Nf3 b6 2. g3 Bb7 3. Bg2 e6 4. d4 f5 5. 0-0 Nf6 6. c4 Be7 7. Nc3 0-0 8. d5 Na6 9. Nd4 Bc5 10. a3 Qe8 11. b4 Bxd4 12. Qxd4 c5 13. dxc6 Bxc6 14. Bb2 Qh5 15. e4 e5 16. Qd1 Nc7 17. Nd5 Qxd1 18. Raxd1 Ncxd5 19. exd5 Ba4 20. Rc1 Rfe8 21. Rfe1 d6 22. c5 bxc5 23. bxc5 Rab8 24. Ba1 e4 25. Bxf6 gxf6 26. c6 Re5 27. f3 Rxd5 28. fxe4 fxe4 29. c7 Rc8 30. Rxe4 Rd1+ 31. Rxd1 Bxd1 32. Rc4 Bb3 33. Rc3 Be6 34. Bb7 Kf8 35. Bxc8 Bxc8 36. Kf2 Ke7 37. Ke3 Kd7 38. Kf4 Ke7 39. Re3+ Kd7 40. Kf5 Kxc7+ 41. Kxf6 h5 42. Rc3+ Kd7 43. Rxc8 Kxc8 44. Ke6 Kc7 45. h3 Kc6 46. g4 hxg4 47. hxg4 d5 48. Ke5 Kc5 49. g5 d4 50. Ke4 Kc4 51. g6 d3 52. g7 d2 53. g8Q+ Kc3 54. Qc8+ Kb3 55. Qd7 Kc2 56. Qc6+ Kb1 57. Qd5 Kc2 58. Qc4+ Kb2 59. Qd3 Kc1 60. Qc3+ 1-0

[Event "Fide Mercenarios 3th"]
[Site "Mexico City"]
[Date "1995.??.??"]
[Round "4"]
[White "Ten Kate, Adrian"]
[Black "Vazquez, Elias"]
[Result "1-0"]
[WhiteElo "2000"]
[BlackElo "2000"]
[PlyCount "137"]
[EventDate "1995.??.??"]
[EventType "tourn"]
[EventRounds "11"]
[EventCountry "MEX"]
[SourceTitle "EXT 2000"]
[Source "ChessBase"]
[SourceDate "1999.11.16"]
[SourceVersion "1"]
[SourceVersionDate "1999.11.16"]
[SourceQuality "1"]

1. Nf3 Nf6 2. g3 c5 3. Bg2 Nc6 4. 0-0 g6 5. d3 Bg7 6. c4 d5 7. Nc3 d4 8. Na4 Qd6 9. Bd2 Nd7 10. a3 Rb8 11. Ng5 Nf6 12. b4 b6 13. Rb1 Bb7 14. Rb2 h6 15. Nf3 Nd7 16. bxc5 bxc5 17. Qb1 Qc7 18. Bf4 e5 19. Nxe5 Bxe5 20. Bxe5 Ndxe5 21. Nxc5 Bc8 22. Rxb8 Nxb8 23. Qb5+ Ned7 24. Nb3 Qb6 25. Qxb6 axb6 26. Nxd4 Nc5 27. Rb1 Nbd7 28. Nb5 Kd8 29. Nc3 Bb7 30. Bxb7 Nxb7 31. Nd5 Re8 32. Nxb6 Nxb6 33. Rxb6 Kc7 34. Rf6 Nd8 35. e3 Re6 36. Rxe6 fxe6 37. Kg2 Kd6 38. Kf3 Nc6 39. Ke4 Na5 40. c5+ Ke7 41. f4 Nc6 42. d4 Na5 43. a4 Nc6 44. d5 Nb4 45. d6+ Kd7 46. a5 Na6 47. Ke5 Nxc5 48. Kf6 g5 49. fxg5 hxg5 50. Kxg5 Kxd6 51. h4 Ne4+ 52. Kf4 Nc5 53. h5 Ke7 54. g4 Kf7 55. g5 Ke7 56. h6 Kf7 57. h7 Kg7 58. g6 Nd3+ 59. Ke4 Nb4 60. Kf3 Na6 61. Ke2 Nc5 62. Kd1 e5 63. Kc2 Na6 64. Kc3 Nc7 65. Kc4 Na6 66. Kd5 Nb4+ 67. Kc5 Na6+ 68. Kb6 Nb4 69. a6 1-0